000 00419nam a2200193Ia 4500
999 _c93330
_d93330
003 0100
005 20170712103443.0
008 130307s9999 xx 000 0 und d
040 _cARRUPELIB
050 _aB785.S82
100 _aSuarez, Francisco
_932942
245 _aOpera Omnia
260 _bApud Ludovicum Vives
_aParisiis
_c1856-78
300 _a27 v.
300 _b28 cm.
650 _aCATHOLIC CHURCH
_932943
650 _aDoctrines
_xTheology
_xDoctrinal
_932944
942 0 0 _01
_2lcc
_cMONOGRAPH